LEADER 01295nam a2200313 i 4500 001 000000151137 003 CaOOAMICUS 005 20240426092725.0 008 060621s1993 it u000 u ita u 013 $a128475 020 $a88-7610-445-3 040 $aSeMil$bita 100 1 $aCroissant, Jo.$0(OLS)http://semarc/name/59479 240 13$aLa femme sacerdotale, ou Le sacerdoce du coeur.$0(OLS)http://semarc/title/448438 245 13$aLa donna o il sacerdozio del cuore /$cJo Croissant. 260 $aMilano :$bÀncora,$c1993. 300 $a177 p. ;$c19 cm. 490 0 $aL'albero in fiore ;$v4. 650 4$aDonna - Teologia.$0(OLS)http://semarc/subject/3890 650 4$aDonna - Concezione cristiana.$0(OLS)http://semarc/subject/3207 650 4$aDonna - Sacerdozio.$0(OLS)http://semarc/subject/7340 830 2$aL'albero in fiore ;$v4.$0(OLS)http://semarc/title/21049 850 $aSeMil 852 $aSeMil$W1$xVenegono$y1$m3F II 383$j103178$B103178$CSeMilBibl$Z2$F113264 $81 961 $aOmaggio: Pontiggia don Virginio 996 $6020$a88-7610-445-3$9(OLS)http://semarc/number/140680 996 $6245$aLa donna o il sacerdozio del cuore$9(OLS)http://semarc/title/220932 996 $6260$aMilano :$bÀncora$9(OLS)http://semarc/publisher/29763 LEADER 01140nam a2200253 4500 001 000000344190 003 CaOOAMICUS 005 20210205000000.0 008 210205s2007 fr a 000 u fre r 020 $a978-2-296-02843-2 040 $aSeMil$bita 100 1 $aBrand, Philippe,$d<1941- >.$0(OLS)http://semarc/name/112987 245 10$aDes prêtres épousent leur humanité :$b24 témoignages de prêtres mariés : 1954-2005 /$cPhilippe Brand. 264 1$aParis :$bL'Harmattan,$c2007. 300 $a562 p. :$bill. ;$c24 cm 650 4$aPresbiteri - Abbandono del ministero.$0(OLS)http://semarc/subject/15757 650 4$aCelibato.$0(OLS)http://semarc/subject/18721 850 $aSeMil 852 $aSeMil$W1$xVenegono$y1$m2E IV 445$j224344$B235218$CSeMilBibl$Z2$F235218 $81 961 $aCastiglioni don Luca - Omaggio 996 $6020$a978-2-296-02843-2$9(OLS)http://semarc/number/292310 996 $6245$aDes prêtres épousent leur humanité :$b24 témoignages de prêtres mariés : 1954-2005$9(OLS)http://semarc/title/433273 996 $6264$aParis :$bL'Harmattan$9(OLS)http://semarc/publisher/31939